| 000 | 00485nam a2200157 a 4500 | ||
|---|---|---|---|
| 001 | 000030982 | ||
| 005 | 20200930062629.0 | ||
| 008 | 110608s1922 dr 000 | spa d | ||
| 040 |
_aDO-SdBNP _bspa _cBNPHU |
||
| 082 |
_axxx _bR488r |
||
| 100 | 1 |
_aRicart y Olives, Alfredo _957499 |
|
| 245 | 1 | 0 |
_aRefutaciones al informe del Lic. Fco. J. Peynado / _cAlfredo Ricart y Olives. |
| 260 |
_aSanto Domingo : _bTipografía Listín Diario, _c1922. |
||
| 300 |
_a45 p. ; _c22 cm. |
||
| 049 | _aBNPD | ||
| 999 |
_c30474 _d30474 |
||